| 000 | 00400nam a2200121Ia 4500 | ||
|---|---|---|---|
| 008 | 171212s9999 xx 000 0 und d | ||
| 020 | _a9781910634301 | ||
| 245 |
_ceditor Fenoulhet, Jane;Quist, Gerdi;Tiedau, Ulrich _aDiscord and Consensus in the Low Countries, 1700-2000 |
||
| 260 |
_bUCL Press _c2016 |
||
| 440 | _aGlobal Dutch | ||
| 650 | _aHistory | ||
| 856 | _uhttp://jstor.org/stable/j.ctt1g69z77 | ||
| 999 |
_c352864 _d352864 |
||